| 000 | 00504nam a2200181Ia 4500 | ||
|---|---|---|---|
| 008 | 210719s2020 xx 000 0 und d | ||
| 020 | _a978-1-4711-6770-6 | ||
| 041 | _aeng | ||
| 082 | _a813.54 CLAK | ||
| 100 | _aCLARK (Mary Higgins) | ||
| 245 | _aKiss the girls and make them cry | ||
| 260 |
_aLondon _bSimon & Schuster _c2020 |
||
| 300 |
_a381 _bPB |
||
| 365 |
_b399 _cRs |
||
| 650 | _aAmerican English Fiction | ||
| 650 | _aAmerican English Fiction | ||
| 906 | _acry ; girls ; Kiss ; make ; them | ||
| 999 |
_c211757 _d211757 |
||